Uplatňovanie progresívnych foriem predaja v sortimente textil a odevy zborník

Salvato in:
Dettagli Bibliografici
Natura: Libro
Lingua:slovacco
Pubblicazione: Banská Bystrica Dom techniky ČSVTS 1982
Tags: Aggiungi Tag
Nessun Tag, puoi essere il primo ad aggiungerne!!

MARC

LEADER 00000nam a2200000 4500
001 c127092
005 20181203150420.4
041 0 |a slo 
044 |a SK 
245 1 0 |a Uplatňovanie progresívnych foriem predaja v sortimente textil a odevy  |b zborník 
264 1 |a Banská Bystrica  |b Dom techniky ČSVTS  |c 1982 
300 |a 115 s.